000 00390nam a2200157Ia 4500
008 230917s9999||||xx |||||||||||||| ||und||
020 _cPOU13.99
040 _e15495
_aMAIN
041 _aEnglish
082 _a301.4 C812L
100 _aCorfield, Penelope J ,ed.
245 0 _aLanguage, history and class
260 _aOxford
_bBasil Blackwell
_c1991
300 _aii,309 p.
942 _cBK
999 _c95466
_d95466